La Mar de sorprenent [Recurs electrònic] : una aventura submarina / coordinació: Eulàlia Codinach i Flora Portas una aventura submarina / coordinació:
ISBN:
84-7794-826-7
Descripción Física:
1 disc òptic (CD-ROM) ; 12 cm
MARC
| LEADER | 00000nam a2200000Ia 4500 | ||
|---|---|---|---|
| 001 | 22790 | ||
| 008 | 160829s2002 xx 000 0 cat d | ||
| 020 | |a 84-7794-826-7 | ||
| 080 | |a CD-1-166 | ||
| 245 | |a La Mar de sorprenent [Recurs electrònic] : |b una aventura submarina / coordinació: |b Eulàlia Codinach i Flora Portas | ||
| 260 | |a Barcelona : |b Diputació de Barcelona. Àrea de Medi Ambient, |c 2002 | ||
| 300 | |a 1 disc òptic (CD-ROM) ; |c 12 cm | ||
| 590 | |a Requeriments del sistema: processador Pentium II, 400 Mhz, 32 MB de memòria RAM, Windows 95/98, resolució de pantalla 800x600, targeta de so, monitor a milers de colors | ||
| 650 | |a Mar |9 23222 | ||
| 650 | |a Jocs per ordinador |9 45420 | ||
| 700 | |a Codinach, Eulàlia, coord. |9 43417 | ||
| 700 | |a Portas, Flora |9 23911 | ||
| 710 | |a Barcelona (Catalunya : Província). |b Àrea de Medi Ambient |9 52987 | ||
| 901 | |a Arxiu | ||
| 942 | |n 1 | ||
| 952 | |0 0 |1 0 |4 0 |6 CD1166 |7 1 |9 52586 |a Arxiu |b Arxiu |d 2016-12-01 |l 0 |o CD-1-166 |p 22790 |r 2016-12-01 00:00:00 |w 2016-12-01 |y ARXIU | ||
| 999 | |c 56435 |d 56435 | ||